[Event "Platja d'Aro op-B 7th"]
[Site "Platja d'Aro"]
[Date "2019.07.01"]
[Round "9"]
[White "Terrones Hernandez, Jonathan"]
[Black "Mas Recorda, Pere"]
[Result "1/2-1/2"]
[WhiteElo "1844"]
[BlackElo "1984"]
[PlyCount "69"]
[EventDate "2019.06.24"]
[EventType "swiss"]
[EventRounds "9"]
[EventCountry "ESP"]
[SourceTitle "CBM 191 Extra"]
[Source "ChessBase"]
[SourceDate "2019.09.30"]
[SourceVersion "1"]
[SourceVersionDate "2019.09.30"]
[SourceQuality "1"]

1. d4 d5 2. Nf3 c6 3. e3 Bf5 4. Bd3 e6 5. Nbd2 Nf6 6. 0-0 Nbd7 7. b3 Ne4 8. Bb2 Bb4 9. a3 Be7 10. Ne5 0-0 11. f3 Nxd2 12. Qxd2 Bxd3 13. cxd3 Nxe5 14. dxe5 Qb6 15. b4 a5 16. Bd4 Qb5 17. Bc3 axb4 18. axb4 f6 19. exf6 Bxf6 20. Bxf6 gxf6 21. Qc3 Kf7 22. f4 Rg8 23. d4 f5 24. Qd2 Ra4 25. Qd1 Rxa1 26. Qh5+ Rg6 27. Qxh7+ Kf6 28. Rxa1 Rxg2+ 29. Kxg2 Qe2+ 30. Kh1 Qf3+ 31. Kg1 Qxe3+ 32. Kg2 Qe2+ 33. Kh1 Qf3+ 34. Kg1 Qe3+ 35. Kg2 1/2-1/2

[Event "Platja d'Aro op-B 7th"]
[Site "Platja d'Aro"]
[Date "2019.06.28"]
[Round "6"]
[White "Terrones Hernandez, Jonathan"]
[Black "Nikitin, Bogdan"]
[Result "1-0"]
[WhiteElo "1844"]
[BlackElo "2034"]
[PlyCount "145"]
[EventDate "2019.06.24"]
[EventType "swiss"]
[EventRounds "9"]
[EventCountry "ESP"]
[SourceTitle "CBM 191 Extra"]
[Source "ChessBase"]
[SourceDate "2019.09.30"]
[SourceVersion "1"]
[SourceVersionDate "2019.09.30"]
[SourceQuality "1"]

1. d4 f5 2. Nf3 Nf6 3. g3 g6 4. Bg2 Bg7 5. 0-0 0-0 6. c4 d6 7. Nc3 Nc6 8. Qc2 e5 9. dxe5 dxe5 10. Bg5 e4 11. Rad1 Qe8 12. Nd4 Nxd4 13. Rxd4 h6 14. Bc1 Be6 15. b3 a6 16. Rdd1 Qe7 17. Bb2 Rfd8 18. Rxd8+ Rxd8 19. Rd1 Rd7 20. Rxd7 Qxd7 21. Qd1 Qxd1+ 22. Nxd1 Kf7 23. Be5 c6 24. f3 exf3 25. exf3 Bd7 26. Nb2 c5 27. Nd3 Bf8 28. Bb8 Be8 29. Ba7 Nd7 30. f4 b6 31. Bc6 Ke6 32. Bxd7+ Kxd7 33. Bxb6 Kc6 34. Bd8 Bg7 35. Ne5+ Kd6 36. Bb6 Bxe5 37. fxe5+ Kxe5 38. Bxc5 Ke4 39. Bf8 h5 40. Bg7 Kd3 41. Kf2 Kc2 42. Ke3 Kb1 43. Kd4 Kxa2 44. b4 Kb3 45. Kc5 Ka4 46. Bf8 Bf7 47. Kd4 Kb3 48. b5 axb5 49. cxb5 Be8 50. Kc5 Bd7 51. b6 Bc8 52. h4 Bb7 53. Kd6 Kc4 54. Kc7 Bd5 55. b7 Bxb7 56. Kxb7 Kd5 57. Kc7 g5 58. hxg5 h4 59. gxh4 f4 60. Bd6 f3 61. Bg3 Ke6 62. h5 Kf5 63. g6 Kf6 64. Kd6 Kg7 65. Ke5 Kg8 66. Ke4 Kg7 67. Kxf3 Kh6 68. Bf4+ Kg7 69. Be5+ Kg8 70. Bf6 Kf8 71. h6 Ke8 72. h7 Kd7 73. h8Q 1-0

[Event "Platja d'Aro op-B 7th"]
[Site "Platja d'Aro"]
[Date "2019.06.25"]
[Round "2"]
[White "Garcia Martinez, Josep"]
[Black "Terrones Hernandez, Jonathan"]
[Result "0-1"]
[WhiteElo "2061"]
[BlackElo "1844"]
[PlyCount "98"]
[EventDate "2019.06.24"]
[EventType "swiss"]
[EventRounds "9"]
[EventCountry "ESP"]
[SourceTitle "CBM 191 Extra"]
[Source "ChessBase"]
[SourceDate "2019.09.30"]
[SourceVersion "1"]
[SourceVersionDate "2019.09.30"]
[SourceQuality "1"]

1. e4 e5 2. Nf3 Nf6 3. Nxe5 d6 4. Nf3 Nxe4 5. Nc3 Nxc3 6. dxc3 Nc6 7. Be3 Bf5 8. Qd2 Be7 9. 0-0-0 0-0 10. Bc4 Be6 11. Bd5 Qd7 12. Kb1 Bxd5 13. Qxd5 Qe6 14. Qh5 Qg6 15. Qb5 Rab8 16. h4 a6 17. Qe2 Bf6 18. Rdg1 Qg4 19. Qd2 Ne5 20. Nxe5 dxe5 21. f3 Qa4 22. g4 Rfd8 23. Qh2 Rd5 24. b3 Qa3 25. Bc1 Qa5 26. g5 Be7 27. Re1 Rbd8 28. c4 Bb4 29. Re3 Rd1 30. Rxd1 Rxd1 31. Qe2 Re1 32. Qd3 Rh1 33. a4 h6 34. Kb2 Qc5 35. Bd2 Bxd2 36. Qxd2 Rxh4 37. Qd8+ Kh7 38. Rd3 Rd4 39. Qe8 Rxd3 40. cxd3 Qf2+ 41. Kc3 Qxf3 42. Qxe5 h5 43. Qxc7 h4 44. Qe7 h3 45. Qc7 Qf2 46. Qxb7 h2 47. Qh1 Qg1 48. Qe4+ g6 49. Qd5 Qa1+ 0-1

[Event "Barcelona Sant Marti op-B 15th"]
[Site "Barcelona"]
[Date "2013.07.18"]
[Round "6"]
[White "Carballo Cancela, Manuel"]
[Black "Terrones Hernandez, Jonathan"]
[Result "1-0"]
[WhiteElo "1850"]
[BlackElo "1711"]
[PlyCount "105"]
[EventDate "2013.07.13"]
[EventType "swiss"]
[EventRounds "9"]
[EventCountry "ESP"]
[SourceTitle "CBM 155 Extra"]
[Source "ChessBase"]
[SourceDate "2013.08.26"]
[SourceVersion "1"]
[SourceVersionDate "2013.08.26"]
[SourceQuality "1"]

1. e4 e5 2. Nf3 Nf6 3. Nxe5 d6 4. Nf3 Nxe4 5. Nc3 Nxc3 6. dxc3 Be6 7. Be3 Be7 8. Bd3 Nc6 9. Qd2 Qd7 10. Bb5 a6 11. Bd3 h6 12. h3 Bf6 13. g4 g5 14. a3 Bd5 15. Bf5 Be6 16. Bxe6 Qxe6 17. Nd4 Nxd4 18. cxd4 d5 19. 0-0-0 0-0-0 20. Rhe1 Qd7 21. f4 Be7 22. f5 f6 23. Bg1 Bd6 24. Re6 Rde8 25. Rde1 Rxe6 26. fxe6 Qe7 27. Qd3 h5 28. gxh5 Rxh5 29. Bf2 Qh7 30. Qf3 Bf4+ 31. Kb1 Qg6 32. e7 Rh8 33. Qxd5 Re8 34. Qe6+ Kb8 35. Qd7 Qg8 36. d5 Bd6 37. c4 Be5 38. Ka1 Rc8 39. Bd4 Re8 40. Bxe5 fxe5 41. Rxe5 Qf7 42. Re1 Ka7 43. Qe6 Qf3 44. Qe3+ Qxe3 45. Rxe3 Kb8 46. c5 Kc8 47. c6 b6 48. Kb1 Kb8 49. Kc2 Ka7 50. Kd3 b5 51. b4 Kb6 52. Re6 a5 53. Ke4 1-0

[Event "Roncana op-B 5th"]
[Site "Santa Eulalia de Roncana"]
[Date "2011.11.26"]
[Round "8"]
[White "Terrones Hernandez, Jonathan"]
[Black "Bertran Genis, Josep"]
[Result "1/2-1/2"]
[WhiteElo "1710"]
[BlackElo "1684"]
[PlyCount "82"]
[EventDate "2011.10.01"]
[EventType "swiss"]
[EventRounds "8"]
[EventCountry "ESP"]
[SourceTitle "EXT 2013"]
[Source "ChessBase"]
[SourceDate "2012.11.22"]
[SourceVersion "1"]
[SourceVersionDate "2012.11.22"]
[SourceQuality "1"]

1. e4 e6 2. Nc3 d5 3. Nf3 dxe4 4. Nxe4 Nf6 5. Nc3 Be7 6. Bc4 0-0 7. 0-0 Bd7 8. d3 Bc6 9. Bf4 Nbd7 10. Nd4 Nb6 11. Nxc6 bxc6 12. Bb3 Nbd5 13. Ne2 Nxf4 14. Nxf4 Bd6 15. Ne2 Bxh2+ 16. Kxh2 Ng4+ 17. Kg3 Qg5 18. f4 Qg6 19. Kf3 Nh2+ 20. Kf2 Nxf1 21. Qxf1 Rab8 22. Qh1 Rb5 23. g3 Rh5 24. Qf3 e5 25. Rh1 Rxh1 26. Qxh1 exf4 27. gxf4 Re8 28. Nc3 Qg4 29. Qf3 Qh4+ 30. Qg3 Qf6 31. Kf3 Qd4 32. Qf2 Qd7 33. Ne4 h6 34. Qg3 Kf8 35. Qg1 Qf5 36. Qxa7 Qh3+ 37. Ng3 Qd7 38. Qc5+ Qd6 39. Qf5 Qg6 40. Qxg6 fxg6 41. Ne4 Ke7 1/2-1/2

[Event "Roncana op-B 5th"]
[Site "Santa Eulalia de Roncana"]
[Date "2011.10.01"]
[Round "1"]
[White "Lopez Martinez, Angel"]
[Black "Terrones Hernandez, Jonathan"]
[Result "0-1"]
[WhiteElo "1497"]
[BlackElo "1710"]
[PlyCount "70"]
[EventDate "2011.10.01"]
[EventType "swiss"]
[EventRounds "8"]
[EventCountry "ESP"]
[SourceTitle "EXT 2013"]
[Source "ChessBase"]
[SourceDate "2012.11.22"]
[SourceVersion "1"]
[SourceVersionDate "2012.11.22"]
[SourceQuality "1"]

1. e4 e6 2. d4 d5 3. Bd3 dxe4 4. Bxe4 Nf6 5. Bg5 Nbd7 6. Nf3 Be7 7. Nc3 Nxe4 8. Nxe4 b6 9. Bxe7 Qxe7 10. 0-0 Bb7 11. Ng3 Nf6 12. Re1 0-0 13. c4 Qb4 14. b3 Rad8 15. Re5 Bxf3 16. Qxf3 Rxd4 17. Nh5 Nxh5 18. Rxh5 Rfd8 19. h3 Qd6 20. Rg5 Rd1+ 21. Rxd1 Qxd1+ 22. Qxd1 Rxd1+ 23. Kh2 Rd2 24. Rb5 Rxa2 25. Kg3 c5 26. Kf3 Kf8 27. Ke3 Ke7 28. g4 Kd7 29. b4 Rb2 30. bxc5 Rxb5 31. cxb5 bxc5 32. Kd3 g5 33. f3 Kc7 34. Kc3 Kb6 35. Kc4 h6 0-1